Ça existe vraiment ou c’est inventé ? - Statistiques

Statistiques générales
  • Ce quiz a été pris 35 fois
  • Le résultat moyen est 25 sur 31
Statistiques - réponses
Hint Réponse % Correct
Narval Existe
94%
Okapi Existe
94%
Manchot empereur Existe
94%
Cacatoès Existe
91%
Komodo Existe
91%
Pangolin Existe
88%
Mantis religiosa Existe
88%
Flimnox Inventé
88%
Drimbol Inventé
88%
Luminorix Inventé
88%
Axolotl Existe
85%
Aye-aye Existe
85%
Capybara Existe
85%
Kivanta Inventé
85%
Blobfish Existe
82%
Blorpius Inventé
82%
Gralupo Inventé
82%
Niburuin Inventé
82%
Snerk Inventé
79%
Vortimax Inventé
79%
Quiblar Inventé
79%
Hydre Existe
74%
Zantarok Inventé
74%
Expelliarmus Inventé
74%
Tralvix Inventé
74%
Morzalo Inventé
74%
Tarsier Existe
71%
Quokka Existe
68%
Brivnok Inventé
68%
Xelphar Inventé
65%
Glaucus Existe
26%
Aucun quiz correspondant
Distribution des résultats
% des personnes avec chaque résultat
Percentile par nombre de réponses
Votre historique - résultats
Vous n’avez pas pris ce quiz